La planification en France / (Registro nro. 8609)

Detalles MARC
000 -LEADER
fixed length control field 01124nam a2200205Ia 4500
003 - CONTROL NUMBER IDENTIFIER
control field OSt
005 - DATE AND TIME OF LATEST TRANSACTION
control field 20211019165239.0
008 - FIXED-LENGTH DATA ELEMENTS--GENERAL INFORMATION
fixed length control field 210310s1974 fr fr 000 0 fre d
040 ## - CATALOGING SOURCE
Original cataloging agency CO-JMCR
Transcribing agency CO-JMCR
041 0# - LANGUAGE CODE
Language code of text/sound track or separate title fre
082 04 - DEWEY DECIMAL CLASSIFICATION NUMBER
Classification number 330.944083 /
Item number U41p
Edition number 23
100 1# - MAIN ENTRY--PERSONAL NAME
Personal name Ullmo, Yves,
9 (RLIN) 17772
Relator term autor
245 13 - TITLE STATEMENT
Title La planification en France /
Statement of responsibility, etc. Yves Ullmo directeur des syntheses á I´I.N.S.E.E
260 ## - PUBLICATION, DISTRIBUTION, ETC.
Place of publication, distribution, etc. Paris :
Name of publisher, distributor, etc. Dalloz,
Date of publication, distribution, etc. 1974
300 ## - PHYSICAL DESCRIPTION
Extent 625 páginas ;
Dimensions 22 cm.
500 ## - GENERAL NOTE
General note Incluye notas a pie de página.
505 0# - FORMATTED CONTENTS NOTE
Formatted contents note Historique de la planification en france -- Disoussion de príncipe -- Les institutions de la planification -- Les études a long terme et la planification – Planet projection -- Les liaisons entre la politique économique a court terme et la politique a moyen terme -- Plan et politique des revenus -- l'étude de marché généralisée -- Le plan et la politique industrielle -- La planification de l'emploi -- La planification des finanoes et des fonctions collectives -- La planification régionale et urbaine
650 14 - SUBJECT ADDED ENTRY--TOPICAL TERM
Topical term or geographic name entry element Política económica
9 (RLIN) 17774
Geographic subdivision Francia
942 ## - ADDED ENTRY ELEMENTS (KOHA)
Source of classification or shelving scheme Dewey Decimal Classification
Koha item type Books
Existencias
Withdrawn status Lost status Source of classification or shelving scheme Damaged status Not for loan Collection code Home library Current library Date acquired Source of acquisition Full call number Barcode Date last seen Copy number Koha item type
    Dewey Decimal Classification     Non-fiction Biblioteca Pública José María del Castillo y Rada Biblioteca Pública José María del Castillo y Rada 04/15/2018 Donación 330.944083 / U41p 430004989 05/16/2024 Ej.1 Books